<?xml version="1.0" encoding="UTF-8"?><?xml-stylesheet type="text/xsl" href="static/style.xsl"?><OAI-PMH xmlns="http://www.openarchives.org/OAI/2.0/" xmlns:xsi="http://www.w3.org/2001/XMLSchema-instance" xsi:schemaLocation="http://www.openarchives.org/OAI/2.0/ http://www.openarchives.org/OAI/2.0/OAI-PMH.xsd"><responseDate>2026-04-16T22:40:40Z</responseDate><request verb="GetRecord" identifier="oai:www.recercat.cat:2117/381307" metadataPrefix="marc">https://recercat.cat/oai/request</request><GetRecord><record><header><identifier>oai:recercat.cat:2117/381307</identifier><datestamp>2026-01-23T04:22:43Z</datestamp><setSpec>com_2072_1033</setSpec><setSpec>col_2072_452950</setSpec></header><metadata><record xmlns="http://www.loc.gov/MARC21/slim" xmlns:dcterms="http://purl.org/dc/terms/" xmlns:xsi="http://www.w3.org/2001/XMLSchema-instance" xmlns:doc="http://www.lyncode.com/xoai" xsi:schemaLocation="http://www.loc.gov/MARC21/slim http://www.loc.gov/standards/marcxml/schema/MARC21slim.xsd">
   <leader>00925njm 22002777a 4500</leader>
   <datafield ind2=" " ind1=" " tag="042">
      <subfield code="a">dc</subfield>
   </datafield>
   <datafield ind2=" " ind1=" " tag="720">
      <subfield code="a">Starnoni, Michele</subfield>
      <subfield code="e">author</subfield>
   </datafield>
   <datafield ind2=" " ind1=" " tag="260">
      <subfield code="c">2023-03</subfield>
   </datafield>
   <datafield ind2=" " ind1=" " tag="520">
      <subfield code="a">This paper jointly addresses numerical and physical challenges related to the modeling of coalescence filtration through vertical filter cartridges, put forth in the following papers by Starnoni, M. and C. Manes:&#xd;
&#xd;
• Starnoni, M., &amp; Manes, C. (2021). A multiphase multicomponent flow and transport model for liquid aerosol filtration in coalescence fibrous filters. Separation and Purification Technology, 266, 118574.&#xd;
&#xd;
• Starnoni, M., &amp; Manes, C. (2022). On the interplay between pressure and gravitational forces in coalescence filters. Journal of Aerosol Science, 105953.&#xd;
&#xd;
In particular, it provides the multidimensional extension of the one-dimensional model presented in Starnoni and Manes (2021) to the general case where internal gravity-induced flows play an effective role. Key to the implementation is the decomposition of the moving oil volumes along the different directions proportionally to the dimensionless number SM, a new quantity introduced in Starnoni and Manes (2022) describing the interplay between the forces dictating the oil dynamics. To validate the implementation, an experimental setup available in the literature is replicated, showing very good agreement in terms of all relevant quantities, namely saturation, pressure drop and drainage volumes. A generalized ‘Network, Channel and Film’ model is also formulated, which extends the scope of application of the original Jump and Channel model by Kampa et al. (2014) to filters with coarser fibrous microstructure. In particular, the existence of an additional flow mechanism termed ‘network’ is postulated, which is characterized by a complex multidimensional oil patterns configuration spanning the entire filter’s height and evolving, in a macroscopic sense, along the direction identified by SM.</subfield>
   </datafield>
   <datafield ind2=" " ind1=" " tag="520">
      <subfield code="a">Peer Reviewed</subfield>
   </datafield>
   <datafield ind2=" " ind1=" " tag="520">
      <subfield code="a">Postprint (published version)</subfield>
   </datafield>
   <datafield tag="653" ind2=" " ind1=" ">
      <subfield code="a">Àrees temàtiques de la UPC::Física::Física de fluids</subfield>
   </datafield>
   <datafield tag="653" ind2=" " ind1=" ">
      <subfield code="a">Permeability</subfield>
   </datafield>
   <datafield tag="653" ind2=" " ind1=" ">
      <subfield code="a">Filtration</subfield>
   </datafield>
   <datafield tag="653" ind2=" " ind1=" ">
      <subfield code="a">Coalescence filters</subfield>
   </datafield>
   <datafield tag="653" ind2=" " ind1=" ">
      <subfield code="a">Oil–mist</subfield>
   </datafield>
   <datafield tag="653" ind2=" " ind1=" ">
      <subfield code="a">Gravity</subfield>
   </datafield>
   <datafield tag="653" ind2=" " ind1=" ">
      <subfield code="a">Gravity channels</subfield>
   </datafield>
   <datafield tag="653" ind2=" " ind1=" ">
      <subfield code="a">Saturation</subfield>
   </datafield>
   <datafield tag="653" ind2=" " ind1=" ">
      <subfield code="a">Permeabilitat</subfield>
   </datafield>
   <datafield ind2="0" ind1="0" tag="245">
      <subfield code="a">Modeling oil–mist filtration through coalescence filter media in the presence of gravity-induced flows</subfield>
   </datafield>
</record></metadata></record></GetRecord></OAI-PMH>